Language Quiz

Random Language Quiz

Words that end in -u Quiz Stats

 Plays Quiz not verified by Sporcle

Also try: Heteronyms
Challenge
Share
Tweet
Embed
Score 0/38 Timer 10:00
0 Plays Today
Hint Word % Correct
South American nationPeru
91.4%
A follower of the world's third largest religionHindu
78.5%
2nd Largest Bird in the world (just behind the Ostrich)Emu
74.2%
A list one might find several kinds of food onMenu
74.2%
Japanese poem / 17 syllables long / this clue is one tooHaiku
73.1%
An intellectual or spiritual guideGuru
73.1%
Island nation in OceaniaTuvalu
66.7%
Still another island nation in OceaniaNauru
61.3%
Also called 'Bean curd', usually comes as soft white blocks of coagulated soy milkTofu
61.3%
Capital of the BahamasNassau
60.2%
Yes, another island nation in OceaniaVanuatu
59.1%
Done without previous preparationImpromptu
58.1%
Another island nation in OceaniaPalau
55.9%
Another name for a wildebeestGnu
55.9%
Capital of NepalKathmandu
53.8%
First Prime Minister of India, now associated with a style of jeacket collarsNehru
52.7%
Kublai Khan's summer capital / pleasure palace, or an Olivia Newton-John movieXanadu
51.6%
Western African nationGuinea Bissau
48.4%
A long loose-hanging (usually Hawaiian themed) dressMuumuu
43%
Hint Word % Correct
A grayish pale yellow or light greyish yellowish brown color, often used to describe unbleached silkEcru
40.9%
Capital of AzerbaijanBaku
39.8%
Martial art developed in Feudal Japan and focused on grapplingJiujitsu
38.7%
City in Mali that was a capital of Islamic scholarship in the 15th and 16th CenturiesTimbuktu
36.6%
A kind of Japanese massageShiatzu
36.6%
Capial of MoldovaChisinau
35.5%
Capital of the West African country named in Question 2Bissau
33.3%
A badly confused or ridiculously muddled situationSnafu
31.2%
A fast growing Asian climbing vine, now widespread in the Southern USKudzu
29%
A small and very ancient type of short-muzzled dogShih Tzu
26.9%
Capital of BhutanThimphu
24.7%
Capital of LesothoMaseru
19.4%
Capital of DominicaRoseau
17.2%
A vineyard producing wines of high qualityCru
10.8%
A person who has recently acquired wealth or influence but not yet manners or etiquetteParvenu
9.7%
Amazonian 'toothpick fish' infamous for lodging themselves in men's urethrasCandiru
3.2%
A being from Mesopotamian mythology with the body of a winged bull and the head of a humanLamassu
2.2%
A japanese citrus fruitYuzu
2.2%
Amazonian palm tree with non-drying oilBabassu
1.1%

You're not logged in!

Compare scores with friends on all Sporcle quizzes.
OR
Log In

You Might Also Like...

Show Comments

Extras

Created Aug 12, 2010ReportNominate
Tags:end

Top Quizzes Today


Score Distribution

Your Account Isn't Verified!

In order to create a playlist on Sporcle, you need to verify the email address you used during registration. Go to your Sporcle Settings to finish the process.

Report this User

Report this user for behavior that violates our Community Guidelines.

Details: